Basic mathematics and its application in economics (Record no. 9802)

MARC details
000 -LEADER
fixed length control field 00467cam a2200181ua 4500
008 - FIXED-LENGTH DATA ELEMENTS--GENERAL INFORMATION
fixed length control field 190408n ii |||gr||||Z||||||eng
020 ## - INTERNATIONAL STANDARD BOOK NUMBER
International Standard Book Number 9789380644905
040 ## - CATALOGING SOURCE
Transcribing agency MAIN
082 ## - DEWEY DECIMAL CLASSIFICATION NUMBER
Classification number 330.1543
100 ## - MAIN ENTRY--PERSONAL NAME
Personal name Srinath Baruah,
Relator term
245 ## - TITLE STATEMENT
Title Basic mathematics and its application in economics
Statement of responsibility, etc. By Srinath Baruah
250 ## - EDITION STATEMENT
Edition statement 2nd rep.
260 ## - PUBLICATION, DISTRIBUTION, ETC.
Place of publication, distribution, etc. New Delhi:
Name of publisher, distributor, etc. Trinity press,
Date of publication, distribution, etc. 2017.
300 ## - PHYSICAL DESCRIPTION
Extent 488p.
942 ## - ADDED ENTRY ELEMENTS (KOHA)
Koha item type Books
653 ## - INDEX TERM--UNCONTROLLED
Uncontrolled term Economics
Holdings
Withdrawn status Lost status Damaged status Not for loan Home library Current library Shelving location Date acquired Total Checkouts Full call number Barcode Date last seen Date last checked out Copy number Price effective from Koha item type Source of classification or shelving scheme Collection code Cost, normal purchase price
        Naharkatiya College Library Naharkatiya College Library General Stacks 19/09/2020 36 330.1543Basic mathematics and its application in economics | BAR 24574 28/11/2023 09/11/2023 1 19/09/2020 Books      
        Naharkatiya College Library Naharkatiya College Library General Stacks 07/03/2022 12 330.1543 21080 27/03/2025 24/02/2025 2 07/03/2022 Books Dewey Decimal Classification Economics 350.00
        Naharkatiya College Library Naharkatiya College Library General Stacks 27/06/2022 8 330.1543 17752 30/10/2025 14/10/2025   27/06/2022 Books Dewey Decimal Classification Economics  

Naharkatiya College © 2020. All rights reserved.

Powered By